| 000 | 00898cam a22002894a 4500 | ||
|---|---|---|---|
| 999 |
_c9912 _d9912 |
||
| 001 | 9912 | ||
| 003 | BD-JhCC | ||
| 005 | 20180403120040.0 | ||
| 008 | 180403s2002 nyua b 001 0 eng | ||
| 020 | _a0393977773 | ||
| 035 | _a(BD-JhCC)9912 | ||
| 040 |
_aDLC _cDLC _dDLC _dBD-JhCC |
||
| 041 | _aeng | ||
| 050 | 0 | 0 |
_aQP360.5 _b.G39 2002 |
| 082 | 0 | 0 |
_a612.8/2 _221 _bGAZ 2002 |
| 100 | 1 | _aGazzaniga, Michael S. | |
| 245 | 1 | 0 |
_aCognitive neuroscience : _bthe biology of the mind / _cMichael S. Gazzaniga, Richard B. Ivry, George R. Mangun. |
| 250 | _a2nd ed. | ||
| 260 |
_aNew York : _bNorton, _c2002. |
||
| 300 |
_axviii, 681, [67] p. : _bill. (chiefly col.) ; _c29 cm. |
||
| 504 | _aIncludes bibliographical references and index. | ||
| 650 | 0 | _aCognitive neuroscience. | |
| 700 | 1 | _aIvry, Richard B. | |
| 700 | 1 |
_aMangun, G. R. _q(George Ronald), _d1956- |
|
| 942 |
_2ddc _cBK |
||